| 000 | 00528cam a22002171 4500 | ||
|---|---|---|---|
| 001 | 9830434 | ||
| 005 | 20180221033558.0 | ||
| 008 | 711126s1960 nyu 000 0 eng | ||
| 010 | _a 60006493 | ||
| 035 | _a(OCoLC)175581 | ||
| 040 |
_aDLC _cODaWU _dOCoLC _dCoU-M _dDLC |
||
| 041 | _aeng | ||
| 042 | _apremarc | ||
| 080 | _a370.109 | ||
| 082 | _a370.109 WEB | ||
| 100 | 1 | _a46 | |
| 101 | _aEDU | ||
| 245 | 1 | 0 | _aBasic philosophies of education. |
| 906 |
_a7 _bcbc _coclcrpl _du _encip _f19 _gy-gencatlg |
||
| 942 |
_2ddc _cBK |
||
| 999 |
_c42976 _d42976 |
||